| 000 | 00431cam a2200169ua 4500 | ||
|---|---|---|---|
| 020 | _c2.00 | ||
| 041 |
_amal _h |
||
| 082 |
_a894.812301 _bVAR/DA |
||
| 100 | _aVarkey, Ponkunnam. | ||
| 245 |
_aDaivathekkal njan pedikkunnathu / _cPonkunnam Varkey. _hTextual Documents |
||
| 260 |
_aKonni : _bVenus Press & Book Depot, , _c1961. |
||
| 300 | _a163 ; . | ||
| 365 | _a2.00 | ||
| 504 | _a | ||
| 942 | _cBK | ||
| 999 |
_c4898 _d4898 |
||